000 01181cam a22002891 4500
001 9956
003 BD-RjUL
005 20211208234854.0
008 140122s1952 enk 000 0 eng
035 _a(BD-RjUL)10002
035 _a(OCoLC)1873266
040 _aDLC
_cFMU
_dOCoLC
_dUk
_dDLC
_dBD-RjUL
_beng
041 _aeng
082 _a658.21
_bLUC 1952
100 1 _aLuttrell, W. F.
_930747
245 1 4 _aThe cost of industrial movement :
_ba first report on the economics of establishing branch factories /
_cby W. F. Luttrell who has had the assistance in the preparation of this report of the members of the research group working on the Locaton of industry inquiry: D. A. Cochlin, F. G. Davidson and J. F. Thompson.
260 _aCambridge, Eng. :
_bUniversity Press,
_c1952.
300 _aix, 104 p. ;
_c24 cm.
490 1 _aNational Institute of Economic and Social Research. Ocassional papers.
_vno. 14.
650 0 _aIndustrial location.
_930748
650 0 _aFactories.
_930749
830 0 _v14.
_930759
830 0 _aOccasional papers (National Institute of Economic and Social Research) ;
_930760
942 _2ddc
_cBK
999 _c9956
_d9956